[Event "Santa Barbara op"]
[Site "Santa Barbara"]
[Date "2023.02.18"]
[Round "4"]
[White "Guillen Murillo, Sergio Guillermo"]
[Black "Aguero Espinoza, Sebasthian"]
[Result "1/2-1/2"]
[WhiteElo "1721"]
[BlackElo "1517"]
[PlyCount "72"]
[EventDate "2023.01.28"]
[EventType "swiss"]
[EventRounds "6"]
[EventCountry "CRI"]
[SourceTitle "CBM 213 Extra"]
[Source "ChessBase"]
[SourceDate "2023.05.31"]
[SourceVersion "1"]
[SourceVersionDate "2023.05.31"]
[SourceQuality "1"]

1. Nf3 Nf6 2. c4 g6 3. b3 Bg7 4. Bb2 d6 5. g3 0-0 6. Bg2 e5 7. d3 Nh5 8. Qc2 Nc6 9. Nbd2 Be6 10. a3 h6 11. e3 Qd7 12. 0-0 Bh3 13. d4 Bxg2 14. Kxg2 exd4 15. exd4 Qg4 16. d5 Ne5 17. Nxe5 dxe5 18. f3 Qd7 19. Ne4 c6 20. Rad1 cxd5 21. Rxd5 Qe7 22. Rfd1 Rad8 23. Qd2 Rxd5 24. Qxd5 Kh7 25. c5 f5 26. Nd6 Rd8 27. Rd2 Qg5 28. Kf2 Nf6 29. h4 Qh5 30. Qxb7 Rd7 31. Qc6 e4 32. Bxf6 Qxf3+ 33. Kg1 Qxg3+ 34. Rg2 Qe3+ 35. Kh1 Qh3+ 36. Kg1 Qe3+ 1/2-1/2

[Event "Balmaceda Segura Memorial op"]
[Site "Santa Barbara de Heredia"]
[Date "2022.06.04"]
[Round "3"]
[White "Guillen Murillo, Sergio Guillermo"]
[Black "Garro Cordero, Felipe"]
[Result "1-0"]
[WhiteElo "1739"]
[BlackElo "1320"]
[PlyCount "81"]
[EventDate "2022.05.21"]
[EventType "swiss"]
[EventRounds "6"]
[EventCountry "CRI"]
[SourceTitle "EXT 2024"]
[Source "ChessBase"]
[SourceDate "2023.10.10"]
[SourceVersion "1"]
[SourceVersionDate "2023.10.10"]
[SourceQuality "1"]

1. e4 c5 2. Nf3 e6 3. Nc3 Nc6 4. Bb5 Nge7 5. 0-0 a6 6. Be2 g6 7. d4 cxd4 8. Nxd4 Bg7 9. Be3 0-0 10. Bf3 Ne5 11. Qe2 b5 12. Rad1 Bb7 13. Nb3 Qc7 14. Bc5 Nxf3+ 15. gxf3 Rfe8 16. Bd6 Qb6 17. Qd2 Rac8 18. Qg5 h6 19. Qd2 Rc4 20. Rfe1 Nc6 21. Bf4 Nd4 22. Nxd4 Rxd4 23. Qc1 Kh7 24. Be3 Rxd1 25. Rxd1 Qc6 26. Qd2 d5 27. exd5 exd5 28. Bd4 Qc4 29. Kg2 b4 30. Nb1 Re2 31. Qf4 f5 32. c3 Rxb2 33. Re1 Bxd4 34. cxd4 Qc2 35. Re7+ Kg8 36. Qb8+ Bc8 37. Nd2 Kf8 38. Rc7 Qxc7 39. Qxc7 Be6 40. Nb3 Rxa2 41. Qc5+ 1-0

[Event "Balmaceda Segura Memorial op"]
[Site "Santa Barbara de Heredia"]
[Date "2022.05.21"]
[Round "1"]
[White "Guillen Murillo, Sergio Guillermo"]
[Black "Bonilla Rodriguez, Andres"]
[Result "0-1"]
[WhiteElo "1739"]
[BlackElo "1911"]
[PlyCount "60"]
[EventDate "2022.05.21"]
[EventType "swiss"]
[EventRounds "6"]
[EventCountry "CRI"]
[SourceTitle "EXT 2024"]
[Source "ChessBase"]
[SourceDate "2023.10.10"]
[SourceVersion "1"]
[SourceVersionDate "2023.10.10"]
[SourceQuality "1"]

1. Nf3 d5 2. g3 Nf6 3. Bg2 e6 4. 0-0 c5 5. d3 Be7 6. Nbd2 0-0 7. Re1 Nc6 8. e4 b5 9. a4 b4 10. b3 Bb7 11. Bb2 Qc7 12. Rc1 Rad8 13. Qe2 Rfe8 14. Nh4 g6 15. f4 dxe4 16. dxe4 Nd4 17. Bxd4 cxd4 18. h3 Nh5 19. Qg4 Qc3 20. Nf1 Ba6 21. Kh2 Kh8 22. f5 Bd6 23. e5 exf5 24. Nxf5 Bxe5 25. Kh1 Nf6 26. Qh4 Bxf1 27. Bxf1 Qf3+ 28. Bg2 Qxf5 29. Rf1 Qh5 30. Qxh5 Nxh5 0-1